Operaciones bancarias internacionales

Detalles Bibliográficos
Autor principal: Marcuse, Robert
Formato: eBook
Lenguaje:español
Publicado: Bogot:̀ ECOE, 2014
Materias:
Acceso en línea:Acceso restringido

MARC

LEADER 00000nam a22000007a 4500
005 20220211213929.0
007 cr|||| ||||
008 220211s2014 co |||||s|||| 00||0 spa d
020 |a 9789586487580 
035 |a 35882 
040 |a vLex 
090 |c 12964  |d 12964 
100 1 |a Marcuse, Robert 
245 1 0 |a Operaciones bancarias internacionales  |h [Recurso electrn̤ico] /  |c Robert Marcuse 
256 |a Servicio en ln̕ea 
260 |a Bogot:̀  |b ECOE,  |c 2014 
300 |a 1 recurso electrn̤ico 
506 1 |a Disponible solo en los productos indicados  |d vLex Global  |d vLex Global (Academic Edition, excluding Law Schools)  |d vLex Global (U.S. Academic Edition, Law Schools)  |d vLex Global (U.S. Academic Edition, excluding Law Schools)  |d vLex Global (Academic Edition, Law Schools) 
650 0 4 |a Derecho Mercantil y de la Empresa  |z Colombia 
740 0 |a vLex Libros (Servicio en ln̕ea) 
856 4 0 |u https://app.vlex.com/#/sources/35882  |z Acceso restringido 
942 |c BOOK 
999 0 |a Commercial and Company Law